[Event "4.liga A22 2019/2020"]
[Site "?"]
[Date "2019.12.01"]
[Round "4.5"]
[White "Dobis, Pavol"]
[Black "Pinkas, Jan"]
[Result "1-0"]
[WhiteElo "1578"]
[BlackElo "1462"]
[PlyCount "51"]
[EventDate "2019.10.13"]
[WhiteTeam "ŠK KOMPLET Trnava - Modranka B"]
[BlackTeam "ŠK Obecný úrad Špačince"]

1. d4 e6 2. c4 d5 3. e3 Nc6 4. Nc3 Nf6 5. a3 g6 6. Nf3 Bg7 7. c5 a6 8. Bd3 O-O
9. O-O Re8 10. b4 Na7 11. Ne5 Nd7 12. f4 Nxe5 13. fxe5 f6 14. exf6 Bxf6 15. Qc2
Kg7 16. Bb2 Rf8 17. Ne2 Bd7 18. Nf4 Qe8 19. Rf3 Nc6 20. Raf1 Ne7 21. e4 dxe4
22. Bxe4 c6 23. Rg3 Nf5 24. Bxf5 exf5 25. d5 cxd5 26. Nh5+ 1-0

[Event "4.liga A22 2019/2020"]
[Site "?"]
[Date "2019.12.01"]
[Round "4.6"]
[White "Sarkozi, Szabolcs"]
[Black "Kosticky, Simon"]
[Result "1/2-1/2"]
[WhiteElo "2004"]
[BlackElo "1782"]
[PlyCount "88"]
[EventDate "2019.10.13"]
[WhiteTeam "MĹ K Corvin VeÄľkĂ˝ Meder"]
[BlackTeam "Ĺ K LokomotĂ­va Trnava C"]

1. e4 c5 2. Nf3 Nc6 3. Bb5 g6 4. O-O Bg7 5. Bxc6 bxc6 6. h3 Nf6 7. Re1 Qb6 8.
d3 O-O 9. Nc3 d6 10. e5 Nd5 11. Ne4 f5 12. Ned2 Ba6 13. Nc4 Qc7 14. Ng5 Bc8 15.
Qe2 Rd8 16. e6 Rb8 17. Nf7 Re8 18. c3 a5 19. h4 Nf6 20. Nh6+ Kh8 21. h5 Bxh6
22. Bxh6 Nxh5 23. f3 Ng7 24. Bxg7+ Kxg7 25. g4 fxg4 26. fxg4 Rf8 27. Rf1 Ba6
28. Qh2 Bxc4 29. dxc4 Rf6 30. g5 Rff8 31. Qh6+ Kg8 32. Rf7 Rxf7 33. exf7+ Kxf7
34. Qxh7+ Ke8 35. Qxg6+ Kd8 36. Rf1 Qd7 37. Qf5 Qxf5 38. Rxf5 Kd7 39. Kf2 Ke6
40. Rf4 Rg8 41. Re4+ Kf7 42. Rg4 Kg6 43. Kg3 e5 44. a4 Kf5 1/2-1/2

[Event "4.liga A22 2019/2020"]
[Site "?"]
[Date "2019.12.01"]
[Round "4.6"]
[White "Fajnor, Dusan"]
[Black "Vegh, Vince"]
[Result "0-1"]
[WhiteElo "1636"]
[BlackElo "1923"]
[PlyCount "99"]
[EventDate "2019.10.13"]
[WhiteTeam "Ĺ K LokomotĂ­va Trnava C"]
[BlackTeam "MĹ K Corvin VeÄľkĂ˝ Meder"]

1. d4 d5 2. c4 c6 3. Nc3 Nf6 4. cxd5 cxd5 5. Bg5 e6 6. Nf3 h6 7. Bh4 Be7 8. e3
O-O 9. Bd3 Nc6 10. O-O Re8 11. a3 Bd7 12. Qc2 Rc8 13. Rab1 Nh5 14. Bxe7 Rxe7
15. Qe2 Nf6 16. e4 dxe4 17. Nxe4 Nd5 18. Qd2 e5 19. Bc4 Nb6 20. Ba2 exd4 21.
Bxf7+ Rxf7 22. Nd6 Rxf3 23. Nxc8 Rf6 24. Nxb6 Qxb6 25. b4 Rf5 26. Rfd1 a6 27.
Rb3 Rd5 28. Rd3 Rd6 29. Qf4 Rf6 30. Qg3 Be6 31. Re1 Qd8 32. Rf3 Rxf3 33. Qxf3
Qd5 34. Qe2 Bf7 35. Rc1 Qb3 36. Ra1 d3 37. Qd2 Bg6 38. Kf1 Nd4 39. a4 Qc2 40.
Qxc2 dxc2 41. Rc1 Nb3 42. Rxc2 Bxc2 43. a5 Nd4 44. Ke1 Nc6 45. Kd2 Be4 46. f3
Bd5 47. Kc3 Kf7 48. b5 axb5 49. h4 b4+ 50. Kb2 0-1

[Event "4.liga A22 2019/2020"]
[Site "?"]
[Date "2019.12.01"]
[Round "4.6"]
[White "Csefalvay, Stefan"]
[Black "Jancik, Ondrej"]
[Result "0-1"]
[WhiteElo "1766"]
[BlackElo "1545"]
[PlyCount "58"]
[EventDate "2019.10.13"]
[WhiteTeam "MĹ K Corvin VeÄľkĂ˝ Meder"]
[BlackTeam "Ĺ K LokomotĂ­va Trnava C"]

1. Nf3 d5 2. c4 e6 3. d4 Nf6 4. e3 Be7 5. Bd3 dxc4 6. Bxc4 O-O 7. O-O Nbd7 8.
Nc3 Nb6 9. Bd3 c5 10. a4 a5 11. Nb5 Nbd5 12. Bd2 Nb4 13. Bb1 b6 14. e4 Bb7 15.
Qe2 Rc8 16. dxc5 Bxc5 17. Bf4 Nd7 18. Rd1 Qe7 19. Ne5 Nf6 20. Bg5 Rfd8 21. Nd3
h6 22. Bxf6 Qxf6 23. e5 Qg5 24. g3 Qe7 25. Nxb4 Rxd1+ 26. Qxd1 Rd8 27. Qc2 g6
28. Nd3 Qd7 29. Qe2 Qd5 0-1

[Event "4.liga A22 2019/2020"]
[Site "?"]
[Date "2019.12.01"]
[Round "4.6"]
[White "Milec, Marek"]
[Black "Szabo, Julius"]
[Result "1-0"]
[WhiteElo "1536"]
[BlackElo "1664"]
[PlyCount "73"]
[EventDate "2019.10.13"]
[WhiteTeam "Ĺ K LokomotĂ­va Trnava C"]
[BlackTeam "MĹ K Corvin VeÄľkĂ˝ Meder"]

1. e4 e5 2. f4 exf4 3. Nf3 Bc5 4. d4 Bb6 5. Bxf4 d6 6. Bc4 Bg4 7. O-O Nf6 8.
Nc3 Nc6 9. Qd2 O-O 10. Rae1 Na5 11. Bd3 Bxf3 12. Rxf3 Bxd4+ 13. Kh1 Bb6 14. e5
dxe5 15. Bxe5 Nc4 16. Qg5 Nxe5 17. Qxe5 Bd4 18. Qf5 Qd7 19. Qf4 Bxc3 20. bxc3
Rae8 21. Ref1 Re7 22. h3 Rfe8 23. Qh4 h6 24. Rxf6 gxf6 25. Qxh6 Re5 26. Rf3
Re1+ 27. Kh2 Qd6+ 28. Rg3+ Qxg3+ 29. Kxg3 R1e3+ 30. Kf2 f5 31. Qg5+ Kf8 32.
Qxf5 R8e6 33. Qc5+ Re7 34. h4 b6 35. Qh5 R7e5 36. Qh6+ Ke7 37. Qc6 1-0

[Event "4.liga A22 2019/2020"]
[Site "?"]
[Date "2019.12.01"]
[Round "4.6"]
[White "Kiss, Marton Dezso"]
[Black "Brezovsky, Ferdinand"]
[Result "1-0"]
[WhiteElo "1000"]
[BlackElo "1000"]
[PlyCount "113"]
[EventDate "2019.10.13"]
[WhiteTeam "MĹ K Corvin VeÄľkĂ˝ Meder"]
[BlackTeam "Ĺ K LokomotĂ­va Trnava C"]

1. e4 e5 2. Nf3 Nf6 3. Nxe5 Nxe4 4. Qe2 d5 5. d3 Bd6 6. Nxf7 Kxf7 7. dxe4 Re8
8. Qh5+ Kf8 9. Qxh7 Bb4+ 10. c3 Rxe4+ 11. Be2 Qe8 12. Qh8+ Kf7 13. Qxe8+ Kxe8
14. cxb4 Rxb4 15. O-O Nc6 16. Nc3 Nd4 17. Bd3 Bf5 18. Bxf5 Nxf5 19. Nxd5 Rc4
20. b3 Rc2 21. Bf4 Kd7 22. Rfc1 Rc6 23. Nxc7 Rb8 24. Rxc6 Kxc6 25. Rc1+ Kd7 26.
Nb5 Ne7 27. g3 a6 28. Nd4 Nd5 29. Ne2 Rc8 30. Rxc8 Kxc8 31. h4 Nb4 32. a3 Nd3
33. h5 Kd8 34. Kg2 Ke8 35. g4 Kf7 36. Kg3 Nc5 37. Nd4 Ne4+ 38. Kf3 Nf6 39. Nf5
Ne8 40. h6 Kg6 41. Nxg7 Nxg7 42. hxg7 Kxg7 43. Be5+ Kg6 44. Kg3 Kg5 45. f4+ Kg6
46. f5+ Kf7 47. g5 b5 48. g6+ Kg8 49. f6 b4 50. f7+ Kf8 51. Bd6+ Kg7 52. f8=Q+
Kxg6 53. Kg4 bxa3 54. Qf5+ Kg7 55. Be5+ Kg8 56. Qf6 a2 57. Qg7# 1-0

[Event "4.liga A22 2019/2020"]
[Site "?"]
[Date "2019.12.15"]
[Round "5.1"]
[White "Fajnor, Dusan"]
[Black "Skreko, Igor"]
[Result "0-1"]
[WhiteElo "1636"]
[BlackElo "1775"]
[PlyCount "58"]
[EventDate "2019.10.13"]
[WhiteTeam "ŠK Lokomotíva Trnava C"]
[BlackTeam "ŠK KOMPLET Trnava - Modranka juniori"]

1. d4 Nf6 2. c4 e6 3. Nc3 c5 4. Nf3 cxd4 5. Nxd4 a6 6. Bg5 Be7 7. e3 d6 8. Bd3
Qc7 9. O-O Nc6 10. Nxc6 Qxc6 11. Qc2 h6 12. Bf4 Bd7 13. Rab1 Rc8 14. Qd2 e5 15.
Bg3 Be6 16. b3 b5 17. Rfc1 bxc4 18. Nd1 Ne4 19. Qe2 cxd3 20. Qf3 Qxc1 21. Rxc1
Rxc1 22. h3 Nd2 23. Qa8+ Bc8 24. Kh2 Nf1+ 25. Kg1 Nxg3 26. fxg3 Rxd1+ 27. Kh2
Rc1 28. Qd5 e4 29. Qxe4 d2 0-1

[Event "4.liga A22 2019/2020"]
[Site "?"]
[Date "2019.12.15"]
[Round "5.1"]
[White "Longauer, Jan"]
[Black "Nemcovic, Peter"]
[Result "1-0"]
[WhiteElo "1836"]
[BlackElo "1630"]
[PlyCount "45"]
[EventDate "2019.10.13"]
[WhiteTeam "ŠK KOMPLET Trnava - Modranka juniori"]
[BlackTeam "ŠK Lokomotíva Trnava C"]

1. e4 e6 2. d4 d5 3. e5 c5 4. c3 Nc6 5. Nf3 Qb6 6. Bd3 Bd7 7. dxc5 Bxc5 8. O-O
a5 9. Nbd2 Nge7 10. Nb3 Ng6 11. Nxc5 Qxc5 12. Re1 O-O 13. h4 f5 14. exf6 Rxf6
15. Bg5 Rf7 16. Be3 Qd6 17. Ng5 Rf6 18. Nxh7 Nxh4 19. Nxf6+ gxf6 20. Qg4+ Kf7
21. Qxh4 Rg8 22. Qh7+ Rg7 23. Bg6+ 1-0

[Event "4.liga A22 2019/2020"]
[Site "?"]
[Date "2019.12.15"]
[Round "5.1"]
[White "Milec, Marek"]
[Black "Rau, Vladimir"]
[Result "0-1"]
[WhiteElo "1536"]
[BlackElo "1710"]
[PlyCount "80"]
[EventDate "2019.10.13"]
[WhiteTeam "ŠK Lokomotíva Trnava C"]
[BlackTeam "ŠK KOMPLET Trnava - Modranka juniori"]

1. e4 c6 2. d4 d5 3. exd5 cxd5 4. Nf3 Bf5 5. Bd3 Bxd3 6. Qxd3 e6 7. O-O Nf6 8.
Bg5 Be7 9. Nbd2 O-O 10. c3 Nbd7 11. Rfe1 Qc7 12. h4 h6 13. Bxf6 Bxf6 14. Re2
Rad8 15. Qc2 Be7 16. h5 Nf6 17. Ne5 Nxh5 18. Ndf3 Nf6 19. Rae1 Ne4 20. Nd2 Nxd2
21. Qxd2 Bg5 22. f4 Bf6 23. Kf2 Bxe5 24. dxe5 Qb6+ 25. Qd4 Qxd4+ 26. cxd4 Rc8
27. Ke3 Rc7 28. Kd3 Rfc8 29. Rd2 Kf8 30. Ree2 Ke7 31. Rc2 Rxc2 32. Rxc2 Rxc2
33. Kxc2 g5 34. fxg5 hxg5 35. Kd3 f6 36. g4 fxe5 37. dxe5 Kd7 38. b4 Kc6 39.
Kd4 Kb5 40. Kc3 Ka4 0-1

[Event "4.liga A22 2019/2020"]
[Site "?"]
[Date "2019.12.15"]
[Round "5.1"]
[White "Ganz, Marek"]
[Black "Dzivak, Jan"]
[Result "1-0"]
[WhiteElo "1630"]
[BlackElo "1375"]
[PlyCount "58"]
[EventDate "2019.10.13"]
[WhiteTeam "ŠK KOMPLET Trnava - Modranka juniori"]
[BlackTeam "ŠK Lokomotíva Trnava C"]

1. e4 d5 2. exd5 Qxd5 3. Nc3 Qa5 4. d4 Nf6 5. Bc4 Bf5 6. Bd2 c6 7. h3 e6 8. a3
Nbd7 9. Nf3 O-O-O 10. Nd5 Qa4 11. b3 Qxa3 12. Rxa3 Bxa3 13. Nxf6 Nxf6 14. Qa1
Bd6 15. Qxa7 Bb8 16. Qa2 Be4 17. Bg5 Bg6 18. c3 h6 19. Be3 Be4 20. Be2 Nd5 21.
O-O g5 22. Qa8 Kd7 23. Qxb7+ Nc7 24. c4 f5 25. Ne5+ Ke8 26. f3 Bc2 27. Qxc6+
Ke7 28. Ng6+ Kf7 29. Nxh8+ Rxh8 1-0

[Event "4.liga A22 2019/2020"]
[Site "?"]
[Date "2019.12.15"]
[Round "5.1"]
[White "Brezovsky, Ferdinand"]
[Black "Skreko, Igor"]
[Result "0-1"]
[WhiteElo "1000"]
[BlackElo "1475"]
[PlyCount "54"]
[EventDate "2019.10.13"]
[WhiteTeam "ŠK Lokomotíva Trnava C"]
[BlackTeam "ŠK KOMPLET Trnava - Modranka juniori"]

1. e4 c5 2. Nf3 d6 3. Nc3 Nf6 4. Bc4 e6 5. d4 cxd4 6. Nxd4 Nc6 7. Be3 Be7 8.
O-O a6 9. Nxc6 bxc6 10. Qf3 e5 11. h3 O-O 12. Qg3 Kh8 13. Qf3 Be6 14. b3 Bxc4
15. bxc4 Rb8 16. Ba7 Rb7 17. Qe3 c5 18. Bxc5 dxc5 19. Nd5 Nxd5 20. exd5 Re8 21.
Qxe5 Bf6 22. Qg3 Bxa1 23. Rxa1 Qb8 24. Qxb8 Rexb8 25. Re1 Rb1 26. Rxb1 Rxb1+
27. Kh2 Rc1 0-1

[Event "4.liga A22 2019/2020"]
[Site "?"]
[Date "2019.12.15"]
[Round "5.2"]
[White "Sturdik, Igor"]
[Black "Vegh, Vince"]
[Result "1/2-1/2"]
[WhiteElo "1956"]
[BlackElo "1923"]
[PlyCount "94"]
[EventDate "2019.10.13"]
[WhiteTeam "ŠK Obecný úrad Špačince"]
[BlackTeam "MŠK Corvin Veľký Meder"]

1. e4 c5 2. Nf3 Nc6 3. d4 cxd4 4. Nxd4 e5 5. Nb5 d6 6. N1c3 a6 7. Na3 b5 8. Nd5
Nf6 9. Bg5 Be7 10. Bxf6 Bxf6 11. c3 Bg5 12. Nc2 O-O 13. Be2 Kh8 14. O-O f5 15.
exf5 Bxf5 16. a4 bxa4 17. Rxa4 a5 18. Bd3 Rb8 19. Bxf5 Rxf5 20. Qd3 Rf7 21. b4
axb4 22. Ncxb4 Rc8 23. Ra6 Qe8 24. Qb5 Nxb4 25. Qxb4 e4 26. Qd4 Qe5 27. Qxe5
dxe5 28. Re6 Bf6 29. Re1 Rff8 30. Rxe4 Rfd8 31. Ne3 Rxc3 32. g3 Kg8 33. Rb6 Rd4
34. Rxd4 exd4 35. Nd5 Rc1+ 36. Kg2 Kf7 37. Nxf6 gxf6 38. Rd6 Rc4 39. Kf3 Ke7
40. Ra6 h6 41. h4 Rc7 42. Ra2 Ke6 43. Ke4 Rd7 44. Ra6+ Kf7 45. Kd3 Kg6 46. Ra4
Rd6 47. Rxd4 Ra6 1/2-1/2

[Event "4.liga A22 2019/2020"]
[Site "?"]
[Date "2019.12.15"]
[Round "5.2"]
[White "Csefalvay, Stefan"]
[Black "Valach, Peter"]
[Result "1-0"]
[WhiteElo "1766"]
[BlackElo "1772"]
[PlyCount "57"]
[EventDate "2019.10.13"]
[WhiteTeam "MŠK Corvin Veľký Meder"]
[BlackTeam "ŠK Obecný úrad Špačince"]

1. Nf3 Nf6 2. d4 d5 3. g3 e6 4. Bg2 b6 5. c4 c6 6. Qc2 Bb7 7. O-O Nbd7 8. b3
Be7 9. Nc3 O-O 10. h3 Rc8 11. Ne5 c5 12. Nxd7 Qxd7 13. dxc5 Bxc5 14. Bg5 Be7
15. Rfd1 Qc7 16. Nb5 Qb8 17. Qb2 e5 18. cxd5 Ba6 19. Nc3 Nxd5 20. Bxe7 Nxe7 21.
Rd7 Rc7 22. Rad1 Rfc8 23. Qa3 Re8 24. Qxa6 Rxc3 25. Qxa7 Qxa7 26. Rxa7 Nc8 27.
Rad7 Rc2 28. R7d2 Kf8 29. Rxc2 1-0

[Event "4.liga A22 2019/2020"]
[Site "?"]
[Date "2019.12.15"]
[Round "5.2"]
[White "Slezak, Rudolf"]
[Black "Szabo, Julius"]
[Result "1-0"]
[WhiteElo "1703"]
[BlackElo "1664"]
[PlyCount "79"]
[EventDate "2019.10.13"]
[WhiteTeam "ŠK Obecný úrad Špačince"]
[BlackTeam "MŠK Corvin Veľký Meder"]

1. Nf3 Nf6 2. c4 e6 3. Nc3 Nc6 4. d4 h6 5. a3 b6 6. g3 Bb7 7. Bg2 Rb8 8. O-O
Be7 9. b4 a6 10. e4 O-O 11. e5 Nh7 12. d5 Na7 13. Bb2 exd5 14. Nxd5 c6 15.
Nxe7+ Qxe7 16. Qd6 Qxd6 17. exd6 c5 18. Rfe1 Nc8 19. Rac1 f6 20. Rcd1 Kf7 21.
Bc1 Re8 22. Rxe8 Kxe8 23. bxc5 bxc5 24. Be3 Bxf3 25. Bxf3 Rb3 26. Bh5+ Kf8 27.
Bxc5 Rc3 28. Re1 g6 29. Bxg6 Kg7 30. Bxh7 Kxh7 31. Re4 Rd3 32. Re7+ Kg6 33.
Rxd7 Kg5 34. Rd8 Kg4 35. Kg2 Nxd6 36. h3+ Kf5 37. Rxd6 Rxd6 38. Bxd6 Ke6 39. c5
Kd7 40. Kf3 1-0

[Event "4.liga A22 2019/2020"]
[Site "?"]
[Date "2019.12.15"]
[Round "5.2"]
[White "Sebok, Kristian"]
[Black "Sulko, Vit"]
[Result "1/2-1/2"]
[WhiteElo "1419"]
[BlackElo "1640"]
[PlyCount "28"]
[EventDate "2019.10.13"]
[WhiteTeam "MŠK Corvin Veľký Meder"]
[BlackTeam "ŠK Obecný úrad Špačince"]

1. e4 c5 2. Nc3 d6 3. Nf3 Nf6 4. d3 g6 5. Be3 Nc6 6. Be2 Bg7 7. O-O O-O 8. h3
b6 9. Qd2 Be6 10. Ng5 Qc8 11. f4 Bd7 12. Rab1 Ne8 13. Nd5 Qd8 14. f5 e6 1/2-1/2

[Event "4.liga A22 2019/2020"]
[Site "?"]
[Date "2019.12.15"]
[Round "5.2"]
[White "Karel, Jozef"]
[Black "Kiss, Marton Dezso"]
[Result "1-0"]
[WhiteElo "1682"]
[BlackElo "1000"]
[PlyCount "59"]
[EventDate "2019.10.13"]
[WhiteTeam "ŠK Obecný úrad Špačince"]
[BlackTeam "MŠK Corvin Veľký Meder"]

1. e4 e5 2. Nf3 Nc6 3. Bc4 Bc5 4. c3 Nf6 5. d4 exd4 6. cxd4 Bb4+ 7. Bd2 Bxd2+
8. Nbxd2 d6 9. O-O O-O 10. Rc1 Re8 11. Re1 Bg4 12. Qb3 Qd7 13. Bb5 a6 14. Bxc6
bxc6 15. Qc2 Rab8 16. b3 Bxf3 17. Nxf3 Rb6 18. h3 a5 19. e5 Nd5 20. Ng5 g6 21.
Qe4 h6 22. e6 Rxe6 23. Nxe6 Qxe6 24. Qh4 Qc8 25. Qxh6 Nb4 26. Re4 Qf8 27. Qe3
Nd5 28. Qe1 Nf6 29. Re7 Nh7 30. Re8 1-0

[Event "4.liga A22 2019/2020"]
[Site "?"]
[Date "2019.12.15"]
[Round "5.3"]
[White "Polak, Peter"]
[Black "Capanda, Jan"]
[Result "1/2-1/2"]
[WhiteElo "1822"]
[BlackElo "1898"]
[PlyCount "81"]
[EventDate "2019.10.13"]
[WhiteTeam "ŠK Dolná Krupá"]
[BlackTeam "ŠK KOMPLET Trnava - Modranka B"]

1. e4 Nf6 2. e5 Nd5 3. c4 Nb6 4. d4 e6 5. Nc3 d5 6. exd6 cxd6 7. Nf3 Be7 8. Be2
O-O 9. O-O d5 10. c5 N6d7 11. Bf4 Nc6 12. Nb5 a6 13. Bc7 Qe8 14. Nd6 Bxd6 15.
Bxd6 Ne7 16. Bd3 Nf6 17. Re1 Qd8 18. Ne5 Ne8 19. Bxe7 Qxe7 20. Qc2 g6 21. b4
Bd7 22. a4 Nc7 23. Qb3 f6 24. Nxd7 Qxd7 25. b5 Kg7 26. b6 Ne8 27. Re2 Kf7 28.
Rae1 Ng7 29. f4 Rfe8 30. g3 f5 31. Rc1 Nh5 32. Rec2 Qc6 33. a5 Nf6 34. Ra1 Red8
35. Qa4 Rac8 36. Qxc6 Rxc6 37. Re2 Ne4 38. Rc1 Rdc8 39. Kg2 Ke7 40. Bb1 h6 41.
h4 1/2-1/2

[Event "4.liga A22 2019/2020"]
[Site "?"]
[Date "2019.12.15"]
[Round "5.3"]
[White "Lopatievov, Alexander"]
[Black "Vagovsky, Jozef"]
[Result "0-1"]
[WhiteElo "1860"]
[BlackElo "1782"]
[PlyCount "140"]
[EventDate "2019.10.13"]
[WhiteTeam "ŠK KOMPLET Trnava - Modranka B"]
[BlackTeam "ŠK Dolná Krupá"]

1. e4 e6 2. b3 d5 3. exd5 exd5 4. Bb2 Nf6 5. Nf3 Nbd7 6. Be2 Bd6 7. Nc3 c6 8.
Nd4 Ne5 9. h3 Bd7 10. Nf3 Ng6 11. g3 Qa5 12. a3 a6 13. b4 Qc7 14. d3 Bxg3 15.
Rg1 Bf4 16. h4 Bh6 17. Bc1 Nf4 18. Be3 Ne6 19. Bxh6 gxh6 20. Qd2 Qf4 21. Qe3
Ng4 22. Qxf4 Nxf4 23. Bf1 O-O-O 24. Ne2 Rde8 25. Nfd4 Re7 26. Kd2 Nxe2 27. Bxe2
Nf6 28. Rg3 Rhe8 29. Rag1 h5 30. Bd1 b6 31. Ne2 Ng4 32. R1g2 Nf6 33. Nf4 Bg4
34. f3 Bf5 35. Re2 d4 36. Rg5 Bg6 37. Rxe7 Rxe7 38. Ne2 h6 39. Rg3 c5 40. bxc5
bxc5 41. c3 dxc3+ 42. Nxc3 Rd7 43. Be2 Rd4 44. Ke3 Rxh4 45. Rg1 Kc7 46. Rc1 Kc6
47. Ne4 Nd5+ 48. Kd2 Bxe4 49. dxe4 Nc7 50. Rc2 Nb5 51. a4 Nd4 52. Rc3 Rh2 53.
Re3 c4 54. f4 Kc5 55. Kd1 Rxe2 56. Rh3 Rxe4 57. Rxh5+ f5 58. Rxh6 a5 59. Rh8
Kb4 60. Rb8+ Kxa4 61. Kd2 Nb5 62. Rh8 Rxf4 63. Rh1 Rf3 64. Ra1+ Ra3 65. Rf1 Nd4
66. Rh1 Rd3+ 67. Kc1 c3 68. Rh2 Kb3 69. Rf2 a4 70. Rh2 c2 0-1

[Event "4.liga A22 2019/2020"]
[Site "?"]
[Date "2019.12.15"]
[Round "5.3"]
[White "Brestovansky, Anton"]
[Black "Kramar, Matus"]
[Result "1/2-1/2"]
[WhiteElo "1684"]
[BlackElo "1648"]
[PlyCount "153"]
[EventDate "2019.10.13"]
[WhiteTeam "ŠK Dolná Krupá"]
[BlackTeam "ŠK KOMPLET Trnava - Modranka B"]

1. d4 d5 2. c4 c6 3. e3 Bf5 4. Nc3 Nf6 5. Nf3 e6 6. a3 Be7 7. Bd3 Bg6 8. b4 O-O
9. O-O Nbd7 10. Bb2 Ne4 11. Qc2 f5 12. c5 Bf6 13. Ne2 Qc7 14. Nf4 Bf7 15. h3 g5
16. Ne2 h5 17. Nd2 g4 18. f3 Ng3 19. Nxg3 Qxg3 20. hxg4 hxg4 21. e4 Bg5 22. f4
Bxf4 23. Rxf4 Qxf4 24. exf5 Qe3+ 25. Kh1 Kg7 26. f6+ Kxf6 27. Rf1+ Kg7 28. Bh7
Qh6+ 29. Kg1 g3 30. Nf3 Rh8 31. Bc1 Qxh7 32. Qxh7+ Rxh7 33. Ng5 Bg8 34. Nxh7
Kxh7 35. Rf3 Rf8 36. Rxg3 Rf6 37. Rh3+ Kg7 38. g4 e5 39. dxe5 Rg6 40. Rg3 Be6
41. g5 Kf7 42. Bf4 Bf5 43. Kf2 Ke6 44. Re3 d4 45. Re1 Kd5 46. Rh1 Ke4 47. Kg3
Nxe5 48. Re1+ Kd3 49. Rxe5 Be6 50. Kh4 Bc4 51. Kh5 Rg8 52. Re7 Rf8 53. Kg4 Rf7
54. Re1 Kc3 55. g6 Rd7 56. Kg5 Bb3 57. Rc1+ Kb2 58. Rh1 d3 59. Rh2+ Kxa3 60.
Bd2 Re7 61. Kh6 Re8 62. g7 Re6+ 63. Kh7 Re7 64. Rh3 Kb2 65. Rxd3 Bc2 66. Kh8
Re8+ 67. g8=Q Rxg8+ 68. Kxg8 Bxd3 69. Kf8 Kc2 70. Be1 Kd1 71. Bc3 Kc2 72. Be1
Kb3 73. Ke7 Kc4 74. Kd6 Kb5 75. Bd2 b6 76. cxb6 axb6 77. Be1 1/2-1/2

[Event "4.liga A22 2019/2020"]
[Site "?"]
[Date "2019.12.15"]
[Round "5.3"]
[White "Dobis, Pavol"]
[Black "Petras, Stefan"]
[Result "0-1"]
[WhiteElo "1578"]
[BlackElo "1692"]
[PlyCount "116"]
[EventDate "2019.10.13"]
[WhiteTeam "ŠK KOMPLET Trnava - Modranka B"]
[BlackTeam "ŠK Dolná Krupá"]

1. d4 d5 2. c4 e6 3. Nc3 Nf6 4. e3 Be7 5. a3 O-O 6. Nf3 b6 7. cxd5 Nxd5 8. Nxd5
Qxd5 9. Qc2 c5 10. Bd3 f5 11. Bc4 Qd6 12. O-O Bb7 13. dxc5 bxc5 14. Rd1 Qb6 15.
Ne5 Be4 16. Nd3 Nd7 17. f3 Bxd3 18. Bxd3 Ne5 19. f4 Nxd3 20. Rxd3 Rad8 21. Rb1
Rxd3 22. Qxd3 Rd8 23. Qc2 Qd6 24. Kf1 Qd1+ 25. Qxd1 Rxd1+ 26. Ke2 Rh1 27. h3
Bh4 28. b3 Rg1 29. Kf3 Rf1+ 30. Ke2 Rf2+ 31. Kd3 Rxg2 32. Bb2 Rg3 33. Rh1 Rg2
34. Be5 Be7 35. Bb8 a6 36. Ba7 Rb2 37. Kc4 Rc2+ 38. Kd3 Rb2 39. Kc4 Ra2 40. a4
Re2 41. Kd3 Rb2 42. Kc4 Kf7 43. Rd1 Ke8 44. Rd3 Rc2+ 45. Rc3 Rxc3+ 46. Kxc3 Kd7
47. Bb8 Bf6+ 48. Kc4 Kc6 49. Ba7 Be7 50. a5 Bd6 51. Bb6 g6 52. Bd8 e5 53. Bg5
exf4 54. exf4 Bc7 55. b4 cxb4 56. Kxb4 Kd5 57. Bh6 Bd6+ 58. Ka4 Ke4 0-1

[Event "4.liga A22 2019/2020"]
[Site "?"]
[Date "2019.12.15"]
[Round "5.3"]
[White "Bohunicky, Pavol"]
[Black "Libich, Roman"]
[Result "0-1"]
[WhiteElo "1624"]
[BlackElo "1250"]
[PlyCount "62"]
[EventDate "2019.10.13"]
[WhiteTeam "ŠK Dolná Krupá"]
[BlackTeam "ŠK KOMPLET Trnava - Modranka B"]

1. e4 e5 2. Nf3 d6 3. d4 Bg4 4. dxe5 Bxf3 5. Qxf3 dxe5 6. Bc4 Qf6 7. Qb3 b6 8.
Nc3 Bc5 9. O-O Ne7 10. Nb5 Bd6 11. Nxd6+ cxd6 12. f4 O-O 13. fxe5 Qxe5 14.
Bxf7+ Kh8 15. Bf4 Qd4+ 16. Kh1 Nbc6 17. Rad1 Qxe4 18. Bxd6 Rad8 19. Rde1 Qh4
20. Bg3 Qg4 21. Rf4 Qd7 22. Qf3 Nd4 23. Qe4 Ndf5 24. Bh4 Rxf7 25. Bxe7 Rxe7 26.
Qb4 Rxe1+ 27. Qxe1 Qd1 28. Rf1 Qxe1 29. Rxe1 h6 30. g4 Nh4 31. Kg1 Nf3+ 0-1

[Event "4.liga A22 2019/2020"]
[Site "?"]
[Date "2019.12.15"]
[Round "5.4"]
[White "Bisco, Igor"]
[Black "Bugar, Peter"]
[Result "1/2-1/2"]
[WhiteElo "1996"]
[BlackElo "2005"]
[PlyCount "43"]
[EventDate "2019.10.13"]
[WhiteTeam "ŠK Hlohovec A"]
[BlackTeam "ŠK Dunajská Streda C"]

1. e4 e6 2. d4 d5 3. Nc3 Nf6 4. Bg5 Bb4 5. e5 h6 6. Bd2 Bxc3 7. bxc3 Ne4 8. Qg4
g6 9. Bd3 h5 10. Qe2 Nxd2 11. Qxd2 Bd7 12. Nf3 Nc6 13. O-O Qe7 14. Rfb1 Na5 15.
a4 Bc6 16. Qf4 O-O-O 17. Bb5 Rdf8 18. Qd2 b6 19. Bxc6 Nxc6 20. a5 Nxa5 21. Qe2
Nc6 22. Qa6+ 1/2-1/2

[Event "4.liga A22 2019/2020"]
[Site "?"]
[Date "2019.12.15"]
[Round "5.4"]
[White "Matis, Tibor"]
[Black "Starzec, Juraj"]
[Result "1-0"]
[WhiteElo "1934"]
[BlackElo "1939"]
[PlyCount "70"]
[EventDate "2019.10.13"]
[WhiteTeam "ŠK Dunajská Streda C"]
[BlackTeam "ŠK Hlohovec A"]

1. e4 e5 2. Nf3 Nf6 3. Nc3 Nc6 4. Bc4 Nxe4 5. Bxf7+ Kxf7 6. Nxe4 d5 7. Neg5+
Kg8 8. d3 h6 9. Nh3 Bg4 10. Be3 Qf6 11. Nhg1 d4 12. Bd2 Bc5 13. Qe2 Qe6 14. h3
Bh5 15. g4 Bg6 16. Nh4 Re8 17. Nxg6 Qxg6 18. O-O-O e4 19. Re1 e3 20. fxe3 dxe3
21. Bc3 Qe6 22. Kb1 Kh7 23. Nf3 Bb4 24. d4 Bxc3 25. bxc3 Rhf8 26. Rhf1 a6 27.
Qd3+ Kg8 28. d5 Qe7 29. dxc6 bxc6 30. Nd4 Rxf1 31. Rxf1 Rb8+ 32. Ka1 e2 33.
Qxe2 Qa3 34. Qc4+ Kh8 35. Rb1 Rc8 1-0

[Event "4.liga A22 2019/2020"]
[Site "?"]
[Date "2019.12.15"]
[Round "5.4"]
[White "Gajarsky, Roman"]
[Black "Mezes, Kristof"]
[Result "0-1"]
[WhiteElo "1785"]
[BlackElo "1675"]
[PlyCount "60"]
[EventDate "2019.10.13"]
[WhiteTeam "ŠK Hlohovec A"]
[BlackTeam "ŠK Dunajská Streda C"]

1. d4 e6 2. e4 d5 3. e5 c5 4. c3 Nc6 5. Nf3 Qb6 6. Be2 cxd4 7. cxd4 Nh6 8. b3
Nf5 9. Bb2 Bb4+ 10. Kf1 O-O 11. h3 a5 12. g4 Nh6 13. Kg2 Kh8 14. Qd3 f6 15. Nc3
Bd7 16. Nb5 a4 17. a3 Be7 18. b4 fxe5 19. dxe5 Nf7 20. Rae1 Nfxe5 21. Qd2 Nxf3
22. Bxf3 Qxb5 23. Be2 Qb6 24. Bd3 Bf6 25. Bb1 Bxb2 26. Qxb2 Rf7 27. Rhf1 Raf8
28. Re2 Ne7 29. Rc2 Bb5 30. Re1 Bd3 0-1

[Event "4.liga A22 2019/2020"]
[Site "?"]
[Date "2019.12.15"]
[Round "5.4"]
[White "Kiss, Balazs"]
[Black "Janas, Peter"]
[Result "0-1"]
[WhiteElo "1404"]
[BlackElo "1743"]
[PlyCount "74"]
[EventDate "2019.10.13"]
[WhiteTeam "ŠK Dunajská Streda C"]
[BlackTeam "ŠK Hlohovec A"]

1. e4 d5 2. d3 e5 3. Nc3 d4 4. Nd5 c6 5. Nb4 Bxb4+ 6. Bd2 Qa5 7. Nf3 Bg4 8. Be2
Nd7 9. a3 Bxd2+ 10. Nxd2 Bxe2 11. Qxe2 Ngf6 12. O-O Qc5 13. Nc4 a5 14. b4 Qe7
15. Nxa5 Rb8 16. Nc4 O-O 17. h3 Ne8 18. f4 Nd6 19. Nd2 f5 20. fxe5 Nxe5 21.
Rae1 f4 22. Kh1 b6 23. Nb3 Nb5 24. Qf2 Nxa3 25. Nxd4 g6 26. c3 Nxd3 27. Qa2+
Qf7 28. Qxa3 Nxe1 29. Rxe1 Ra8 30. Qb2 Ra2 31. Qc1 c5 32. Nc6 f3 33. Rg1 Qe6
34. Qd1 fxg2+ 35. Kh2 Kg7 36. e5 Rf1 37. Nd8 Qxe5# 0-1

[Event "4.liga A22 2019/2020"]
[Site "?"]
[Date "2019.12.15"]
[Round "5.4"]
[White "Bojnansky, Juraj"]
[Black "Matis, Tibor"]
[Result "0-1"]
[WhiteElo "1608"]
[BlackElo "1586"]
[PlyCount "79"]
[EventDate "2019.10.13"]
[WhiteTeam "ŠK Hlohovec A"]
[BlackTeam "ŠK Dunajská Streda C"]

1. d4 d5 2. c4 c6 3. Nc3 Bf5 4. Nf3 Nf6 5. Bg5 Nbd7 6. e3 e6 7. Be2 Be7 8. O-O
Ne4 9. Bxe7 Qxe7 10. Nxe4 Bxe4 11. Nd2 Qg5 12. Nxe4 dxe4 13. Qb3 b6 14. f3 exf3
15. Bxf3 Rc8 16. e4 O-O 17. Rad1 Rfd8 18. Qc3 Nf6 19. e5 Ng4 20. Bxg4 Qxg4 21.
h3 Qh4 22. b3 Rc7 23. Rf3 Rcd7 24. Rfd3 h6 25. c5 b5 26. a4 Rb8 27. Qb4 Rdb7
28. axb5 Rxb5 29. Qa4 a5 30. d5 Qxa4 31. bxa4 Rxc5 32. d6 Rxe5 33. Rc3 c5 34.
Rb3 Rxb3 35. d7 Rb8 36. d8=Q+ Rxd8 37. Rxd8+ Kh7 38. Kf2 Re4 39. Rc8 Rxa4 40.
Rxc5 0-1